000 00522nam a2200145 a 4500
001 000028853
005 20200930055158.0
008 110412s2006 dr ac 000 0 spa d
040 _aDO-SdBNP
_bspa
_cBNPHU
082 _axxxx
_bM843
100 1 _aMoreno, Guillermo
_931108
245 1 0 _aLlamado de Guillermo Moreno y grupo de ciudadanos y ciudadanas :
_bpongamos la Nación en movimiento /
_cGuillermo Moreno.
260 _aSanto Domingo :
_bVoluntariado Político Ciudadano,
_c2006.
300 _a26 p. :
_bil., retrs. ;
_c19 cm.
999 _c28345
_d28345